00930nab a2200253uuc4500001000800000005001700008008004100025035001200066035002100078040001300099041000800112100004300120245006600163650003400229650003600263650003800299650004500337650003900382650005700421700004900478773012000527942001000647999001900657114857120240202091846.0090608e20080701 spa  a1148571 a(OCoLC)820479214 ccomduadb aspa10aPerez Artieda, M. G.4auteaut957519110aRevision sobre recubrimientos laser de aleaciones de aluminio aAplicaciones con laser960603 aEndurecimiento con laser931297 aTratamientos superficiales958488 aLaser - Aplicaciones industriales949754 aMateriales de recubrimiento960178 aPropiedades mecánicas y microestructurales910882410aFernandez Carrasquilla, J.4auteaut94296580 tRevista de Metalurgia (Madrid)gVolumen 44, Número 04, Julio-Agosto de 2008, p. 367-380w112428x0034-8570092742 cARIMP c507467d507467